[Event "Negombo op 3rd"]
[Site "Negambo"]
[Date "2017.08.23"]
[Round "7"]
[White "Martinus, Hettiarachchige Don"]
[Black "Siriwardena, RI Pasan Bhanuka"]
[Result "1-0"]
[WhiteElo "1275"]
[BlackElo "1690"]
[PlyCount "127"]
[EventDate "2017.08.20"]
[EventType "swiss"]
[EventRounds "10"]
[EventCountry "SRI"]
[SourceTitle "CBM 180 Extra"]
[Source "ChessBase"]
[SourceDate "2017.10.06"]
[SourceVersion "1"]
[SourceVersionDate "2017.10.06"]
[SourceQuality "1"]

1. e4 c5 2. Nf3 Nc6 3. d4 cxd4 4. Nxd4 g6 5. Nxc6 bxc6 6. Qd4 Nf6 7. e5 Nd5 8. e6 Nf6 9. exf7+ Kxf7 10. Bc4+ d5 11. 0-0 Bg7 12. Rd1 Bf5 13. Bd3 Bxd3 14. Qxd3 e5 15. Bg5 Qd7 16. Nc3 Rad8 17. Qf3 Qe6 18. Na4 h6 19. Nc5 Qe7 20. Bxf6 Bxf6 21. b4 e4 22. Qf4 Kg7 23. Rab1 Rhf8 24. Qd2 Rf7 25. Qe2 Rd6 26. c4 Bc3 27. cxd5 cxd5 28. Qe3 Qf6 29. Nxe4 dxe4 30. Rxd6 Qxd6 31. Qxc3+ Kh7 32. g3 Qe6 33. a3 Qa2 34. Qe1 h5 35. h4 Kg7 36. Qc3+ Kh7 37. Rf1 Qe2 38. Qe3 Qc4 39. Qg5 Qa2 40. Qa5 Qe2 41. Qd5 Qf3 42. a4 Rf5 43. Qb7+ Rf7 44. Qa8 Qe2 45. a5 e3 46. f3 Rd7 47. Qe4 Qd2 48. Qb1 e2 49. Re1 Qe3+ 50. Kg2 Rf7 51. Qe4 Qxe4 52. fxe4 Rb7 53. Rxe2 Rxb4 54. e5 Kg7 55. e6 Kf8 56. e7+ Ke8 57. Re5 Rb3 58. Rg5 Re3 59. Rxg6 Rxe7 60. Kf3 Rh7 61. Kf4 Kf7 62. Ra6 Kg8 63. Kg5 Rg7+ 64. Rg6 1-0